00653cam a22002171 4500001001300000003000400013005001700017008004100034010001700075035001900092040001800111042001200129050002600141082001000167100003600177245007700213260007300290300002600363490002900389999001700418ca 36000146 DLC20260227111140.0790717s1936 maua 000 0 eng  aca 36000146  a(OCoLC)5181616 aDLCcOCldDLC apremarc00aPS3521.A7255bF3 1936 a812.51 aKauffmann, Stanley,d1916-2013.10aFather spills the beans;ba comedy in three acts,cby Stanley Kauffmann. aBoston, Mass.,aLos Angeles, Cal.b[Walter H. Baker company,cc1936] a71 p.bdiagr.c19 cm.0 aBaker's edition of plays c18006d18006